[Event "Olympiad-44"]
[Site "Chennai"]
[Date "2022.08.07"]
[Round "9.4"]
[White "Winter Atwell, Adrian"]
[Black "Nikolovski, Nikola"]
[Result "0-1"]
[WhiteElo "2250"]
[BlackElo "2366"]
[PlyCount "64"]
[EventDate "2022.07.29"]
[EventType "team-swiss"]
[EventRounds "11"]
[EventCountry "IND"]
[SourceTitle "CBM 210"]
[Source "ChessBase"]
[SourceDate "2022.10.31"]
[SourceVersion "1"]
[SourceVersionDate "2022.10.31"]
[SourceQuality "1"]
[WhiteTeam "Trinidad and Tobago"]
[BlackTeam "North Macedonia"]
[WhiteTeamCountry "TRI"]
[BlackTeamCountry "MKD"]

1. e4 e6 2. d4 d5 3. exd5 exd5 4. c4 Nf6 5. Nc3 Bb4 6. Bd3 dxc4 7. Bxc4 0-0 8. Nge2 Nbd7 9. 0-0 Nb6 10. Bb3 c6 11. Bg5 Re8 12. Qd3 Be6 13. Bc2 Bc4 14. Qh3 h6 15. Bxf6 Qxf6 16. Bd3 Bxc3 17. bxc3 Rxe2 18. Bxe2 Bxe2 19. Rfe1 Bc4 20. a4 Be6 21. Qg3 Qd8 22. a5 Nc4 23. a6 b5 24. Re2 Qg5 25. Qc7 Bd5 26. f4 Qg4 27. Rf2 Ne3 28. g3 Nd1 29. Rd2 Qf3 30. Raxd1 Qh1+ 31. Kf2 Qg2+ 32. Ke1 Re8+ 0-1

[Event "Olympiad-44"]
[Site "Chennai"]
[Date "2022.08.05"]
[Round "7.4"]
[White "Winter Atwell, Adrian"]
[Black "Veleshnja, Zino"]
[Result "0-1"]
[WhiteElo "2250"]
[BlackElo "2263"]
[PlyCount "104"]
[EventDate "2022.07.29"]
[EventType "team-swiss"]
[EventRounds "11"]
[EventCountry "IND"]
[SourceTitle "CBM 210"]
[Source "ChessBase"]
[SourceDate "2022.10.31"]
[SourceVersion "1"]
[SourceVersionDate "2022.10.31"]
[SourceQuality "1"]
[WhiteTeam "Trinidad and Tobago"]
[BlackTeam "Albania"]
[WhiteTeamCountry "TRI"]
[BlackTeamCountry "ALB"]

1. e4 c5 2. Nf3 d6 3. d4 cxd4 4. Nxd4 Nf6 5. Nc3 a6 6. h3 e5 7. Nb3 Be7 8. g4 h6 9. Be3 Be6 10. Bg2 Nbd7 11. f4 exf4 12. Bxf4 Ne5 13. Qd4 Rc8 14. 0-0-0 Rc4 15. Qf2 Qc7 16. Nd4 Rxc3 17. bxc3 Qxc3 18. Nb3 Nc4 19. Qd4 Qb4 20. Bd2 Qa3+ 21. Kb1 Nd7 22. Bc1 Qa4 23. Rhf1 0-0 24. Bb2 Bf6 25. Rxf6 Nxf6 26. Bf1 Nxb2 27. Kxb2 Qc6 28. Qxd6 Qxe4 29. Bd3 Qa4 30. Rg1 Qd7 31. Qf4 Nd5 32. Qe4 g6 33. Nc5 Qc6 34. Nxe6 Qb6+ 35. Ka3 Qxe6 36. Qxe6 fxe6 37. Bxg6 Rf3+ 38. Kb2 Rxh3 39. Rf1 Kg7 40. Be4 Rg3 41. Bxd5 exd5 42. Rf5 Rxg4 43. Rxd5 Rf4 44. Kc3 b5 45. Kd3 Ra4 46. Rc5 Rxa2 47. Ke4 Ra4+ 48. Kf5 Rc4 49. Rd5 Rc7 50. Rd2 a5 51. Rg2+ Kh7 52. Kf6 a4 0-1

[Event "Olympiad-44"]
[Site "Chennai"]
[Date "2022.08.03"]
[Round "6.4"]
[White "Wu, Bing Shen"]
[Black "Winter Atwell, Adrian"]
[Result "0-1"]
[WhiteElo "1660"]
[BlackElo "2250"]
[PlyCount "74"]
[EventDate "2022.07.29"]
[EventType "team-swiss"]
[EventRounds "11"]
[EventCountry "IND"]
[SourceTitle "CBM 210"]
[Source "ChessBase"]
[SourceDate "2022.10.31"]
[SourceVersion "1"]
[SourceVersionDate "2022.10.31"]
[SourceQuality "1"]
[WhiteTeam "Chinese Taipei"]
[BlackTeam "Trinidad and Tobago"]
[WhiteTeamCountry "TPE"]
[BlackTeamCountry "TRI"]

1. c4 e5 2. Nc3 Bb4 3. g3 Bxc3 4. dxc3 d6 5. e4 Nc6 6. Be3 Nge7 7. f3 0-0 8. Nh3 f5 9. Nf2 Be6 10. Bd3 f4 11. Bd2 Ng6 12. Be2 Qf6 13. Qc2 Rad8 14. 0-0-0 a6 15. b3 Na5 16. Nd3 b5 17. c5 Nb7 18. c6 Na5 19. Nb4 Ra8 20. c4 Qf7 21. cxb5 axb5 22. Rhf1 Rfb8 23. Bd3 Rb6 24. gxf4 Nxf4 25. Be3 Rbb8 26. Bxf4 Qxf4+ 27. Kb2 Nc4+ 28. Bxc4 bxc4 29. Nd5 Bxd5 30. exd5 cxb3 31. axb3 Qb4 32. Rd3 Rb5 33. Ra1 Rab8 34. Qc3 Qf4 35. Qc2 Rc5 36. Qe2 h6 37. Ra7 Qc1+ 0-1

[Event "Online Olym Div3 D"]
[Site "Chess.com INT"]
[Date "2021.08.27"]
[Round "2.4"]
[White "Winter Atwell, Adrian"]
[Black "Kamwendo, Precious"]
[Result "1-0"]
[WhiteElo "2250"]
[BlackElo "1934"]
[PlyCount "77"]
[EventDate "2021.08.27"]
[EventType "team-tourn (rapid)"]
[EventRounds "9"]
[EventCountry "USA"]
[SourceTitle "CBM 204 Extra"]
[Source "ChessBase"]
[SourceDate "2021.11.30"]
[SourceVersion "1"]
[SourceVersionDate "2021.11.30"]
[SourceQuality "1"]
[WhiteTeam "Trinidad and Tobago"]
[BlackTeam "Malawi"]
[WhiteTeamCountry "TRI"]
[BlackTeamCountry "MWI"]

1. e4 c5 2. Nf3 d6 3. c3 Nf6 4. Be2 Nc6 5. d4 cxd4 6. cxd4 Nxe4 7. d5 Qa5+ 8. Nc3 Nb8 9. 0-0 Nxc3 10. bxc3 Nd7 11. Qb3 a6 12. Be3 Qc7 13. a4 Nc5 14. Qc2 g6 15. Bd4 Bf5 16. Qd1 f6 17. a5 Bh6 18. Nh4 Bd7 19. f4 0-0 20. g4 Rac8 21. f5 g5 22. Ng2 Bg7 23. Rf3 Be8 24. Re3 Rf7 25. Ne1 Nd7 26. Nc2 Ne5 27. Bb6 Qd7 28. Nd4 Nc4 29. Bxc4 Rxc4 30. Qb3 Qc8 31. h3 Bf8 32. Rae1 Bd7 33. Nc6 Rxc6 34. dxc6 Qxc6 35. Qb4 Qc8 36. c4 Kg7 37. Bd4 Bc6 38. c5 dxc5 39. Bxc5 1-0

[Event "Titled Tuesday intern op 27th Oct"]
[Site "Chess.com INT"]
[Date "2020.10.27"]
[Round "11"]
[White "Winter Atwell, Adrian"]
[Black "Anton, Teodor"]
[Result "0-1"]
[WhiteElo "2250"]
[BlackElo "2464"]
[PlyCount "78"]
[EventDate "2020.10.27"]
[EventType "swiss (blitz)"]
[EventRounds "11"]
[EventCountry "USA"]
[SourceTitle "CBM 199 Extra"]
[Source "ChessBase"]
[SourceDate "2021.01.31"]
[SourceVersion "1"]
[SourceVersionDate "2021.01.31"]
[SourceQuality "1"]

1. e4 c5 2. Nf3 Nc6 3. d4 cxd4 4. c3 Nf6 5. Bd3 dxc3 6. Nxc3 e6 7. 0-0 d5 8. exd5 Nxd5 9. Qe2 Nxc3 10. bxc3 Qa5 11. Bd2 Bc5 12. Rab1 Qxa2 13. Bc4 Qc2 14. Bd3 Qa4 15. Rb5 Be7 16. Ne5 Nxe5 17. Qxe5 Bd7 18. Rxb7 0-0 19. c4 Bf6 20. Qh5 g6 21. Qh3 Bc6 22. Rb4 Qa3 23. Rfb1 Rad8 24. R4b3 Qa2 25. Bh6 Rfe8 26. Qe3 Bd4 27. Qg3 Qa5 28. Bf1 Qc5 29. Bg5 f6 30. Be3 Bxe3 31. Rxe3 e5 32. Qh4 Kg7 33. Rh3 h5 34. Rg3 e4 35. Ra1 Re5 36. Qf4 Rf5 37. Qc7+ Rd7 38. Qc8 Qxf2+ 39. Kh1 Qxf1+ 0-1

[Event "Titled Tuesday intern op 12th May"]
[Site "Chess.com INT"]
[Date "2020.05.12"]
[Round "3"]
[White "Winter Atwell, Adrian"]
[Black "Lu, Jason"]
[Result "1-0"]
[WhiteElo "2250"]
[BlackElo "2024"]
[PlyCount "91"]
[EventDate "2020.05.12"]
[EventType "swiss (blitz)"]
[EventRounds "10"]
[EventCountry "USA"]
[SourceTitle "EXT 2021"]
[Source "ChessBase"]
[SourceDate "2020.10.23"]
[SourceVersion "1"]
[SourceVersionDate "2020.10.23"]
[SourceQuality "1"]

1. e4 c5 2. Nf3 d6 3. d4 cxd4 4. c3 Nf6 5. Bd3 dxc3 6. Nxc3 Nc6 7. h3 e6 8. 0-0 Be7 9. Qe2 0-0 10. Rd1 a6 11. e5 Ne8 12. exd6 Bxd6 13. Ne4 Qe7 14. Bg5 f6 15. Nxd6 Nxd6 16. Bf4 e5 17. Bg3 Bf5 18. Bc4+ Nxc4 19. Qxc4+ Be6 20. Qe2 Rfd8 21. h4 Rxd1+ 22. Qxd1 Rd8 23. Qa4 Qb4 24. Qc2 Bg4 25. a3 Qd6 26. Qb3+ Qd5 27. Qxb7 Bxf3 28. gxf3 Qxf3 29. Rc1 Nd4 30. Qxf3 Nxf3+ 31. Kg2 Nd4 32. Rc7 Kf8 33. b4 Re8 34. Ra7 Re6 35. f3 Nc2 36. Ra8+ Kf7 37. h5 Nxa3 38. Bf2 Nc2 39. Bc5 Ne1+ 40. Kg3 Nd3 41. Ra7+ Kg8 42. Ra8+ Re8 43. Rxe8+ Kf7 44. Re7+ Kf8 45. Ra7+ Ke8 46. Rxg7 1-0

[Event "Titled Tuesday intern op 12th May"]
[Site "Chess.com INT"]
[Date "2020.05.12"]
[Round "5"]
[White "Winter Atwell, Adrian"]
[Black "Paiva, Henrique MA Alberg"]
[Result "1-0"]
[WhiteElo "2250"]
[BlackElo "2070"]
[PlyCount "53"]
[EventDate "2020.05.12"]
[EventType "swiss (blitz)"]
[EventRounds "10"]
[EventCountry "USA"]
[SourceTitle "EXT 2021"]
[Source "ChessBase"]
[SourceDate "2020.10.23"]
[SourceVersion "1"]
[SourceVersionDate "2020.10.23"]
[SourceQuality "1"]

1. e4 c5 2. Nf3 b6 3. d4 cxd4 4. c3 Bb7 5. Bc4 e6 6. e5 d5 7. exd6 Bxd6 8. cxd4 Nf6 9. 0-0 h6 10. Nc3 0-0 11. Qe2 a6 12. Rd1 Qc7 13. Ne5 b5 14. Bb3 Nc6 15. Bf4 Rfd8 16. Bg3 Qb6 17. Nxf7 Nxd4 18. Rxd4 Qxd4 19. Nxd8 Rxd8 20. Qxe6+ Kh8 21. Rd1 Qg4 22. Rxd6 Re8 23. h3 Qg6 24. Qf7 Qg5 25. Rxf6 Re1+ 26. Kh2 Qxf6 27. Qg8# 1-0

[Event "Titled Tuesday intern op 7th April"]
[Site "Chess.com INT"]
[Date "2020.04.07"]
[Round "2"]
[White "Winter Atwell, Adrian"]
[Black "Ynojosa Aponte, Felix Jose"]
[Result "0-1"]
[WhiteElo "2250"]
[BlackElo "2393"]
[PlyCount "82"]
[EventDate "2020.04.07"]
[EventType "swiss (blitz)"]
[EventRounds "10"]
[EventCountry "USA"]
[SourceTitle "EXT 2021"]
[Source "ChessBase"]
[SourceDate "2020.10.23"]
[SourceVersion "1"]
[SourceVersionDate "2020.10.23"]
[SourceQuality "1"]

1. e4 c5 2. Nf3 Nc6 3. d4 cxd4 4. c3 Nf6 5. e5 Nd5 6. Bc4 e6 7. Bxd5 exd5 8. cxd4 d6 9. 0-0 Bg4 10. exd6 Qxd6 11. Be3 Be7 12. h3 Bh5 13. Nbd2 0-0 14. Qb3 Bf6 15. Rac1 b6 16. Rfe1 h6 17. a3 Rfe8 18. Qa4 Re6 19. b4 Rae8 20. Ne5 Nxe5 21. dxe5 Bxe5 22. Qxa7 d4 23. Nc4 Bh2+ 24. Kh1 Qb8 25. Qxb8 Bxb8 26. Bd2 Be2 27. Nb2 d3 28. Nc4 b5 29. Ne3 Be5 30. Rc5 Rb8 31. Ng4 Bd4 32. Rc7 Ra8 33. Rd7 Bb6 34. Ne3 Rxa3 35. Nd5 Bxf2 36. Rd8+ Kh7 37. Rc1 Ra2 38. Rcc8 Rxd2 39. Rh8+ Kg6 40. Nf4+ Kf6 41. Nd5+ Ke5 0-1

[Event "TTO-ch"]
[Site "Port of Spain"]
[Date "2019.09.14"]
[Round "8"]
[White "Winter Atwell, Adrian"]
[Black "Harper, Ryan"]
[Result "1-0"]
[WhiteElo "2221"]
[BlackElo "2196"]
[PlyCount "79"]
[EventDate "2019.08.31"]
[EventType "tourn"]
[EventRounds "11"]
[EventCountry "TRI"]
[SourceTitle "EXT 2020"]
[Source "ChessBase"]
[SourceDate "2019.10.17"]
[SourceVersion "1"]
[SourceVersionDate "2019.10.17"]
[SourceQuality "1"]

1. e4 e5 2. Nf3 Nc6 3. Nc3 g6 4. d4 exd4 5. Nd5 Bg7 6. Bg5 f6 7. Bh4 d6 8. Nxd4 Ne5 9. Nb5 c6 10. Nxd6+ Qxd6 11. Nxf6+ Qxf6 12. Bxf6 Nxf6 13. f4 Nf7 14. Bd3 0-0 15. Qf3 Ng4 16. Bc4 Ngh6 17. h3 Kh8 18. Bxf7 Nxf7 19. 0-0-0 Be6 20. Kb1 Ne5 21. Qg3 Nc4 22. e5 Rf5 23. Qh4 g5 24. fxg5 Nxe5 25. Rhe1 Bg8 26. b3 Raf8 27. Qg3 Rf4 28. Rd8 Rxd8 29. Qxf4 Rd5 30. h4 Ng6 31. Qf2 Bd4 32. Qg3 Rf5 33. h5 Ne5 34. g6 hxg6 35. hxg6 Kg7 36. Qh3 Kxg6 37. c3 Bf2 38. Rd1 Bd5 39. c4 Be4+ 40. Kb2 1-0

[Event "TTO-ch"]
[Site "Port of Spain"]
[Date "2018.11.04"]
[Round "7"]
[White "Harper, Ryan"]
[Black "Winter Atwell, Adrian"]
[Result "0-1"]
[WhiteElo "2226"]
[BlackElo "2221"]
[PlyCount "108"]
[EventDate "2018.10.14"]
[EventType "tourn"]
[EventRounds "11"]
[EventCountry "TRI"]
[SourceTitle "EXT 2020"]
[Source "ChessBase"]
[SourceDate "2019.10.17"]
[SourceVersion "1"]
[SourceVersionDate "2019.10.17"]
[SourceQuality "1"]

1. e4 e5 2. Nf3 Nc6 3. Bc4 Bc5 4. c3 Nf6 5. d3 0-0 6. Bg5 h6 7. Bh4 Be7 8. Bg3 d6 9. 0-0 g6 10. Re1 Nh5 11. a4 Bf6 12. b4 Nxg3 13. hxg3 a6 14. Nbd2 Rb8 15. Nf1 b5 16. Bb3 Ne7 17. Ne3 c5 18. Qd2 Bg7 19. axb5 axb5 20. g4 cxb4 21. cxb4 Nc6 22. Rec1 Nd4 23. Nxd4 exd4 24. Nd5 Bxg4 25. Ra7 Ra8 26. Ra5 Bd7 27. Rc7 Be8 28. g3 Kh8 29. Qc1 Rb8 30. Raa7 Ra8 31. Qa1 Rxa7 32. Qxa7 Qg5 33. Nf4 Qf6 34. Kg2 h5 35. Bd1 Qg5 36. Ne6 fxe6 37. Rxg7 Qf6 38. Rh7+ Kg8 39. f4 Bf7 40. Rxf7 Rxf7 41. Qb8+ Kg7 42. Qxd6 e5 43. Qd5 exf4 44. Bb3 Rf8 45. e5 Qg5 46. Qxd4 fxg3 47. e6+ Kh6 48. Bd1 Qd2+ 49. Kxg3 Qxd1 50. Qe3+ Kh7 51. e7 Qg4+ 52. Kh2 Qh4+ 53. Kg2 Re8 54. Qd4 Qxd4 0-1

[Event "TTO-ch"]
[Site "Port of Spain"]
[Date "2018.11.03"]
[Round "6"]
[White "Winter Atwell, Adrian"]
[Black "Yee, Frank"]
[Result "1-0"]
[WhiteElo "2221"]
[BlackElo "2017"]
[PlyCount "105"]
[EventDate "2018.10.14"]
[EventType "tourn"]
[EventRounds "11"]
[EventCountry "TRI"]
[SourceTitle "EXT 2020"]
[Source "ChessBase"]
[SourceDate "2019.10.17"]
[SourceVersion "1"]
[SourceVersionDate "2019.10.17"]
[SourceQuality "1"]

1. e4 e5 2. Nf3 Nc6 3. d4 exd4 4. Nxd4 Bc5 5. Nb3 Bb6 6. Nc3 Nge7 7. Qe2 0-0 8. Be3 d6 9. 0-0-0 Be6 10. f4 f6 11. f5 Bf7 12. g4 Re8 13. Bf4 a5 14. Qb5 Ne5 15. Bxe5 fxe5 16. Bc4 Rf8 17. Bxf7+ Rxf7 18. a4 Qe8 19. Qe2 Nc6 20. g5 Rd7 21. f6 Qg6 22. h4 gxf6 23. gxf6 Qxf6 24. Rdf1 Qh6+ 25. Kb1 Rf8 26. Nd5 Kh8 27. Qg4 Rdd8 28. Rf5 Rxf5 29. Qxf5 Rf8 30. Qg4 Qg6 31. Qe2 Rf2 32. Qd3 Qg2 33. Re1 Nb4 34. Nxb4 axb4 35. a5 Ba7 36. Qc4 Bc5 37. Nxc5 dxc5 38. Qxc5 Qg3 39. Qxb4 b6 40. axb6 cxb6 41. Qxb6 Kg7 42. h5 Rf6 43. Qc5 Kh6 44. Rd1 Qf4 45. Qe7 Rf7 46. Qe6+ Rf6 47. Qd5 Rf7 48. b3 Rf6 49. Rg1 Rf7 50. Qd8 Rf6 51. Qg8 Rf7 52. Rg6+ Kxh5 53. Rg1 1-0

[Event "TTO-ch"]
[Site "Port of Spain"]
[Date "2018.10.28"]
[Round "4"]
[White "Jones, David"]
[Black "Winter Atwell, Adrian"]
[Result "0-1"]
[WhiteElo "1894"]
[BlackElo "2221"]
[PlyCount "90"]
[EventDate "2018.10.14"]
[EventType "tourn"]
[EventRounds "11"]
[EventCountry "TRI"]
[SourceTitle "EXT 2020"]
[Source "ChessBase"]
[SourceDate "2019.10.17"]
[SourceVersion "1"]
[SourceVersionDate "2019.10.17"]
[SourceQuality "1"]

1. c4 e5 2. g3 d5 3. cxd5 c6 4. dxc6 Nxc6 5. Nc3 Nf6 6. Bg2 Bc5 7. a3 0-0 8. b4 Bb6 9. e3 Bf5 10. Nge2 Qd7 11. 0-0 Rfd8 12. Na4 Ne4 13. Nxb6 axb6 14. Bxe4 Bxe4 15. f3 Bd3 16. Bb2 Bxe2 17. Qxe2 Qxd2 18. Qxd2 Rxd2 19. Rf2 Rd3 20. Re2 f6 21. Rc1 Rad8 22. Kf2 Kf7 23. Rcc2 R8d7 24. Rc1 Ne7 25. Rcc2 Nf5 26. Rc1 h5 27. Rcc2 Nd6 28. a4 b5 29. axb5 Nxb5 30. Rc5 Nd6 31. Bc3 Nf5 32. Be1 Ne7 33. Rec2 Nd5 34. Re2 Ke6 35. e4 Ne7 36. b5 Rb3 37. Ba5 Rdd3 38. f4 exf4 39. gxf4 Rf3+ 40. Kg2 Rxf4 41. Rxh5 g5 42. Bc7 Rg4+ 43. Bg3 Ng6 44. Kh3 Rgxg3+ 45. hxg3 Nf4+ 0-1

[Event "Olympiad-43"]
[Site "Batumi"]
[Date "2018.10.05"]
[Round "11.4"]
[White "Winter Atwell, Adrian"]
[Black "Poulsen, Martin"]
[Result "0-1"]
[WhiteElo "2221"]
[BlackElo "2239"]
[PlyCount "106"]
[EventDate "2018.09.24"]
[EventType "team-swiss"]
[EventRounds "11"]
[EventCountry "GEO"]
[SourceTitle "CBM 187"]
[Source "ChessBase"]
[SourceDate "2018.12.11"]
[SourceVersion "1"]
[SourceVersionDate "2018.12.11"]
[SourceQuality "1"]
[WhiteTeam "Trinidad and Tobago"]
[BlackTeam "Faroe Islands"]
[WhiteTeamCountry "TRI"]
[BlackTeamCountry "FAI"]

1. e4 d5 2. exd5 Qxd5 3. Nc3 Qd6 4. d4 Nf6 5. Nf3 a6 6. g3 Bg4 7. h3 Bxf3 8. Qxf3 Nc6 9. Be3 e6 10. 0-0-0 0-0-0 11. Bg2 Be7 12. d5 exd5 13. Nxd5 Nxd5 14. Rxd5 Qxd5 15. Qxd5 Rxd5 16. Bxd5 Nd8 17. Bd4 f6 18. Re1 Bd6 19. h4 h5 20. c4 c5 21. Bc3 Kc7 22. Kd2 Nc6 23. Kd3 Rd8 24. Ke4 Ne7 25. Bf7 Rh8 26. Rd1 b6 27. Bd2 Rh7 28. Be6 Nc6 29. Bf4 Nd4 30. Bxd6+ Kxd6 31. Bf5 Rh8 32. Bg6 Rh6 33. Bf5 g6 34. Bc8 Rh8 35. Bb7 Re8+ 36. Kd3 a5 37. Bd5 Re2 38. Rd2 Re7 39. f3 Nf5 40. Be4 Nxg3 41. Bxg6 Ke5 42. Rg2 Kf4 43. Be4 Nxe4 44. fxe4 Rxe4 45. b3 Rd4+ 46. Ke2 Kf5 47. Rh2 Rf4 48. Ke3 Ke5 49. Rh1 f5 50. Rh2 Rd4 51. Rg2 Rg4 52. Rh2 Rg3+ 53. Kf2 Rc3 0-1

[Event "Olympiad-43"]
[Site "Batumi"]
[Date "2018.10.03"]
[Round "9.4"]
[White "Gong, Daniel Hanwen"]
[Black "Winter Atwell, Adrian"]
[Result "1-0"]
[WhiteElo "2276"]
[BlackElo "2221"]
[PlyCount "47"]
[EventDate "2018.09.24"]
[EventType "team-swiss"]
[EventRounds "11"]
[EventCountry "GEO"]
[SourceTitle "CBM 187"]
[Source "ChessBase"]
[SourceDate "2018.12.11"]
[SourceVersion "1"]
[SourceVersionDate "2018.12.11"]
[SourceQuality "1"]
[WhiteTeam "New Zealand"]
[BlackTeam "Trinidad and Tobago"]
[WhiteTeamCountry "NZL"]
[BlackTeamCountry "TRI"]

1. d4 d5 2. Bf4 Nf6 3. e3 c5 4. Nf3 Nc6 5. Nbd2 Qb6 6. dxc5 Qxb2 7. Rb1 Qc3 8. Bb5 e6 9. 0-0 Qa5 10. c4 Bxc5 11. Ne5 Bd7 12. Nb3 Qa3 13. Nxd7 Kxd7 14. e4 Nxe4 15. cxd5 Rhd8 16. Nxc5+ Qxc5 17. dxc6+ Ke7 18. Qf3 bxc6 19. Qxe4 cxb5 20. Rbc1 Qf5 21. Qb4+ Ke8 22. Rc7 Rd7 23. Rxd7 Kxd7 24. Qd6+ 1-0

[Event "Olympiad-43"]
[Site "Batumi"]
[Date "2018.09.25"]
[Round "2.3"]
[White "Winter Atwell, Adrian"]
[Black "Botsoe, Koffi"]
[Result "1-0"]
[WhiteElo "2221"]
[BlackElo "1680"]
[PlyCount "95"]
[EventDate "2018.09.24"]
[EventType "team-swiss"]
[EventRounds "11"]
[EventCountry "GEO"]
[SourceTitle "CBM 187"]
[Source "ChessBase"]
[SourceDate "2018.12.11"]
[SourceVersion "1"]
[SourceVersionDate "2018.12.11"]
[SourceQuality "1"]
[WhiteTeam "Trinidad and Tobago"]
[BlackTeam "Togo"]
[WhiteTeamCountry "TRI"]
[BlackTeamCountry "TOG"]

1. e4 d5 2. exd5 Qxd5 3. Nc3 Qa5 4. g3 Nf6 5. Bg2 c6 6. Nf3 Bg4 7. h3 Bd7 8. 0-0 Bf5 9. b4 Qc7 10. b5 e6 11. bxc6 bxc6 12. Nd4 Bg6 13. Rb1 Nd5 14. Nxd5 cxd5 15. d3 Bc5 16. Bf4 Qd8 17. Nb5 Na6 18. h4 f6 19. Re1 Bf7 20. c4 0-0 21. cxd5 e5 22. Be3 Bxd5 23. Bxc5 Nxc5 24. Bxd5+ Qxd5 25. Nc7 Qxd3 26. Nxa8 Rxa8 27. Qxd3 Nxd3 28. Re3 Nc5 29. Rc1 Ne6 30. f4 Nd4 31. fxe5 fxe5 32. Kg2 Re8 33. Rc5 Rb8 34. Rexe5 Rb2+ 35. Kh3 Rxa2 36. Ra5 Rf2 37. Rxa7 Nc6 38. Re8+ Rf8 39. Rxf8+ Kxf8 40. Rb7 Ne7 41. Kg4 h6 42. h5 Kf7 43. Kf4 Kf6 44. Rb6+ Kf7 45. Ke5 Ng8 46. Rb7+ Kf8 47. Ke6 g5 48. g4 1-0

[Event "De Verteuil Memorial 25th"]
[Site "Port of Spain"]
[Date "2017.10.12"]
[Round "2"]
[White "Winter Atwell, Adrian"]
[Black "Johnson, Gabriella"]
[Result "1-0"]
[WhiteElo "2148"]
[BlackElo "1899"]
[PlyCount "63"]
[EventDate "2017.10.05"]
[EventType "swiss"]
[EventRounds "7"]
[EventCountry "TRI"]
[SourceTitle "CBM 187 Extra"]
[Source "ChessBase"]
[SourceDate "2018.11.04"]
[SourceVersion "1"]
[SourceVersionDate "2018.11.04"]
[SourceQuality "1"]

1. e4 c5 2. Nc3 Nc6 3. Bb5 Nd4 4. Bc4 g6 5. Nf3 Bg7 6. Nxd4 cxd4 7. Qf3 e6 8. Nb5 Be5 9. c3 dxc3 10. d4 a6 11. dxe5 axb5 12. Bb3 cxb2 13. Bxb2 Ne7 14. h4 Nc6 15. Qd3 Qa5+ 16. Kf1 b4 17. Qf3 h6 18. Qf6 Rh7 19. Rh3 b6 20. Kg1 Qb5 21. Re3 Ra5 22. Rc1 Qa6 23. Bxe6 dxe6 24. Rxc6 Rxa2 25. Rd3 Bd7 26. Rxd7 Kxd7 27. Rd6+ Kc7 28. Qe7+ Kb8 29. Rd8+ Qc8 30. Rxc8+ Kxc8 31. Qxb4 Rh8 32. Qc4+ 1-0

[Event "TTO-ch"]
[Site "Port of Spain"]
[Date "2016.10.30"]
[Round "10"]
[White "Lee, Hayden"]
[Black "Winter Atwell, Adrian"]
[Result "0-1"]
[WhiteElo "1872"]
[BlackElo "2158"]
[PlyCount "82"]
[EventDate "2016.10.15"]
[EventType "tourn"]
[EventRounds "11"]
[EventCountry "TRI"]
[SourceTitle "CBM 175 Extra"]
[Source "ChessBase"]
[SourceDate "2016.12.12"]
[SourceVersion "1"]
[SourceVersionDate "2016.12.12"]
[SourceQuality "1"]

1. d4 d5 2. Nf3 c6 3. e3 Nf6 4. h3 e6 5. Bd3 Nbd7 6. 0-0 Bd6 7. Nbd2 0-0 8. b3 e5 9. dxe5 Nxe5 10. Be2 Re8 11. Bb2 a5 12. a3 Ng6 13. c4 Qe7 14. Qc2 dxc4 15. Nxc4 Bc7 16. Bd3 Be6 17. Rfe1 Qc5 18. Nd4 Qh5 19. Nxe6 Rxe6 20. Bf5 Ree8 21. Rad1 Nh4 22. Bd3 Qg5 23. f4 Nf3+ 24. Kf1 Nxe1 25. Rxe1 Qh4 26. Qc3 Rad8 27. Bf5 Qg3 28. Bg4 h5 29. Bf3 Ne4 30. Qc2 Rd2 31. Qxd2 Nxd2+ 32. Nxd2 f5 33. Re2 Rd8 34. Bd4 Bxf4 35. Bc3 Be5 36. Bxa5 Rd3 37. Re1 b6 38. Be2 Qxe3 39. Bxb6 Qxd2 40. Rd1 Qf4+ 41. Ke1 Bc3+ 0-1

[Event "TTO-ch"]
[Site "Port of Spain"]
[Date "2016.10.15"]
[Round "1"]
[White "Yee, Frank"]
[Black "Winter Atwell, Adrian"]
[Result "1/2-1/2"]
[WhiteElo "2052"]
[BlackElo "2158"]
[PlyCount "71"]
[EventDate "2016.10.15"]
[EventType "tourn"]
[EventRounds "11"]
[EventCountry "TRI"]
[SourceTitle "CBM 175 Extra"]
[Source "ChessBase"]
[SourceDate "2016.12.12"]
[SourceVersion "1"]
[SourceVersionDate "2016.12.12"]
[SourceQuality "1"]

1. e4 e5 2. Nf3 Nc6 3. Bc4 Nf6 4. d4 exd4 5. e5 Ng4 6. 0-0 d6 7. exd6 Qxd6 8. h3 Nf6 9. Ng5 Nd8 10. Na3 a6 11. Qf3 Be7 12. Bf4 Qc5 13. Rfe1 0-0 14. Rad1 Bd6 15. Bxd6 Qxd6 16. c3 Qc5 17. Ne4 Nxe4 18. Rxe4 b5 19. cxd4 Qd6 20. Bb3 Ne6 21. Rh4 Rb8 22. Qf5 g6 23. Qf6 Qd8 24. Qxd8 Rxd8 25. d5 Nc5 26. Bc2 Bb7 27. Rhd4 Rd6 28. b4 Nd7 29. Nb1 Nf6 30. Nc3 Rbd8 31. Bb3 c6 32. f3 cxd5 33. Ne4 Re6 34. Nxf6+ Rxf6 35. Bxd5 Bxd5 36. Rxd5 1/2-1/2

[Event "De Verteuil Memorial 23rd"]
[Site "Port of Spain"]
[Date "2015.10.22"]
[Round "3"]
[White "Winter Atwell, Adrian"]
[Black "Bowles, Andrew"]
[Result "1-0"]
[WhiteElo "2169"]
[BlackElo "1856"]
[PlyCount "43"]
[EventDate "2015.10.08"]
[EventType "swiss"]
[EventRounds "7"]
[EventCountry "TRI"]
[SourceTitle "CBM 169 Extra"]
[Source "ChessBase"]
[SourceDate "2015.12.18"]
[SourceVersion "1"]
[SourceVersionDate "2015.12.18"]
[SourceQuality "1"]

1. Nf3 Nf6 2. c4 g6 3. b4 Bg7 4. Bb2 0-0 5. g3 c6 6. Bg2 d5 7. cxd5 cxd5 8. 0-0 Qb6 9. a3 Nc6 10. Nc3 d4 11. Na4 Qd8 12. b5 Na5 13. Bxd4 Be6 14. Rb1 Nc4 15. Bc5 b6 16. Bb4 Rc8 17. d3 Nd6 18. Nd4 Nd5 19. Nxe6 fxe6 20. Bd2 Qd7 21. Qb3 Rc7 22. e4 1-0

[Event "De Verteuil Memorial 23rd"]
[Site "Port of Spain"]
[Date "2015.10.15"]
[Round "2"]
[White "Heerah, Rohan"]
[Black "Winter Atwell, Adrian"]
[Result "0-1"]
[WhiteElo "1818"]
[BlackElo "2169"]
[PlyCount "42"]
[EventDate "2015.10.08"]
[EventType "swiss"]
[EventRounds "7"]
[EventCountry "TRI"]
[SourceTitle "CBM 169 Extra"]
[Source "ChessBase"]
[SourceDate "2015.12.18"]
[SourceVersion "1"]
[SourceVersionDate "2015.12.18"]
[SourceQuality "1"]

1. c4 e5 2. b3 Bc5 3. Bb2 Nc6 4. Nf3 d6 5. g3 Nf6 6. Bg2 e4 7. Ng5 Bxf2+ 8. Kf1 Bd4 9. Bxd4 Nxd4 10. Nxe4 Nxe4 11. Bxe4 Qf6+ 12. Kg2 Bh3+ 13. Kxh3 Qe6+ 14. g4 h5 15. Bf5 hxg4+ 16. Kxg4 Qxf5+ 17. Kg3 Rh6 18. e4 Rg6+ 19. Kh4 Qg5+ 20. Kh3 Rh6+ 21. Qh5 Rxh5# 0-1